000
00300nas a2200121 4500
005
20211030122510.0
008
211030b ||||| |||| 00| 0 eng d
022
_a
0971-3336
040
_c
245
_a
Psychology & developing societies
260
_a
Sage Publication
_b
Mar 2021
942
_2
ddc
_c
PR
999
_c
220310
_d
220310